Gaming Quiz

Random Gaming or Pokémon Quiz

Ash's Sinnoh Gym Battles Quiz Stats

Quiz not verified by Sporcle

Challenge
Share
Tweet
Embed
Score 0/57 Timer 04:00
0 Plays Today
% Correct
Pikachu
98.2%
Pikachu
98%
Pikachu
98%
Pikachu
98%
Pikachu
98%
Turtwig
97%
Turtwig
97%
Turtwig
97%
Turtwig
97%
Turtwig
97%
Chimchar
95.2%
Chimchar
95.2%
Chimchar
95.2%
Chimchar
95.2%
Staravia
93.2%
Staravia
93.2%
Buizel
90.9%
Buizel
90.9%
Buizel
90.9%
Buizel
90.9%
Geodude
90.2%
Onix
90%
Aipom
90%
Onix
90%
Aipom
90%
Aipom
90%
Rampardos
88.2%
Cranidos
87%
Infernape
86.4%
% Correct
Grotle
85.9%
Grotle
85.9%
Lucario
84.5%
Staraptor
84.3%
Torterra
83.6%
Roserade
82.3%
Floatzel
81.6%
Machoke
80.2%
Gengar
79.5%
Gyarados
78.6%
Gliscor
78.6%
Gliscor
78.6%
Abomasnow
78%
Steelix
76.8%
Luxray
76.8%
Luxray
76.8%
Cherubi
76.4%
Meditite
75.5%
Mismagius
74.3%
Bastiodon
74.1%
Snover
72.5%
Quagsire
71.4%
Drifblim
70.7%
Sneasel
68.2%
Electivire
67.5%
Medicham
66.1%
Jolteon
65.5%
Bronzor
65%

You're not logged in!

Compare scores with friends on all Sporcle quizzes.
Sign Up with Email
OR
Log In

You Might Also Like...

Show Comments

Extras

Top Quizzes Today


Score Distribution

Your Account Isn't Verified!

In order to create a playlist on Sporcle, you need to verify the email address you used during registration. Go to your Sporcle Settings to finish the process.